| 000 | 00660cam a22002051 4500 | ||
|---|---|---|---|
| 001 | ca 17003497 | ||
| 003 | DLC | ||
| 005 | 20260227111106.0 | ||
| 008 | 911030s1878 nyua 000 0 eng | ||
| 010 | _aca 17003497 | ||
| 035 | _a(OCoLC)24646569 | ||
| 040 |
_aDLC _cRPB _dDLC |
||
| 042 | _apremarc | ||
| 050 | 0 | 0 |
_aPE1145 _b.B4 |
| 100 | 1 | _aBeecher, A. G. | |
| 245 | 1 | 4 |
_aThe primary normal speller; _bor, First lessons in the art of writing words. Designed to teach spelling by an improved method. _cby A.G. Beecher ... |
| 260 |
_aNew York, _bClark & Maynard, _c1878. |
||
| 300 |
_aviii, [2], [11]-123 p. incl. front., illus. _c18 cm. |
||
| 650 | 0 | _aSpellers. | |
| 999 |
_c15306 _d15306 |
||